[Event "Titled Tuesday intern op 25th Aug"]
[Site "Chess.com INT"]
[Date "2020.08.25"]
[Round "3"]
[White "Al Saffar, Araz Basim Mohammed"]
[Black "Ward, Ieuan C"]
[Result "1-0"]
[WhiteElo "2382"]
[BlackElo "2028"]
[PlyCount "45"]
[EventDate "2020.08.25"]
[EventType "swiss (blitz)"]
[EventRounds "10"]
[EventCountry "USA"]
[SourceTitle "CBM 198 Extra"]
[Source "ChessBase"]
[SourceDate "2020.11.30"]
[SourceVersion "1"]
[SourceVersionDate "2020.11.30"]
[SourceQuality "1"]

1. d4 Nf6 2. Nf3 d5 3. Bf4 e6 4. e3 Bd6 5. Bg3 c5 6. c3 Nc6 7. Nbd2 0-0 8. Bd3 Nh5 9. Bxd6 Qxd6 10. Ne5 Nxe5 11. dxe5 Qxe5 12. Qe2 Nf6 13. 0-0-0 c4 14. Bc2 b5 15. f4 Qc7 16. e4 dxe4 17. Nxe4 Bb7 18. Nxf6+ gxf6 19. Qg4+ Kh8 20. Qh4 f5 21. Qf6+ Kg8 22. Rhf1 Qd8 23. Rxd8 1-0

[Event "Titled Tuesday intern op 25th Aug"]
[Site "Chess.com INT"]
[Date "2020.08.25"]
[Round "7"]
[White "Florescu, Codrut Constantin"]
[Black "Al Saffar, Araz Basim Mohammed"]
[Result "1/2-1/2"]
[WhiteElo "2293"]
[BlackElo "2382"]
[PlyCount "158"]
[EventDate "2020.08.25"]
[EventType "swiss (blitz)"]
[EventRounds "10"]
[EventCountry "USA"]
[SourceTitle "CBM 198 Extra"]
[Source "ChessBase"]
[SourceDate "2020.11.30"]
[SourceVersion "1"]
[SourceVersionDate "2020.11.30"]
[SourceQuality "1"]

1. e4 d5 2. exd5 Qxd5 3. Nc3 Qd6 4. g3 c6 5. Bg2 Nf6 6. Nge2 Bg4 7. h3 Bh5 8. g4 Bg6 9. d3 e5 10. Rb1 Nbd7 11. b4 a6 12. a4 Nd5 13. Nxd5 cxd5 14. Nc3 Nf6 15. g5 Rc8 16. Bd2 d4 17. Ne2 Nd5 18. b5 Be7 19. h4 a5 20. Ng3 h5 21. Ne4 Bxe4 22. Bxe4 b6 23. 0-0 g6 24. Qf3 Rd8 25. Rbe1 0-0 26. Bxd5 Qxd5 27. Qxd5 Rxd5 28. f4 Bd6 29. f5 Rc5 30. Rc1 f6 31. fxg6 f5 32. c4 Kg7 33. Rce1 Kxg6 34. Kg2 Rcc8 35. Re2 Rce8 36. Rfe1 Re6 37. Bc1 Rfe8 38. Bb2 Bc5 39. Kf3 Kg7 40. Bc1 Kg6 41. Bb2 R6e7 42. Ba1 Bb4 43. Rc1 e4+ 44. Kf2 exd3 45. Rxe7 Rxe7 46. Bxd4 d2 47. Rd1 Re1 48. Rxd2 Bxd2 49. Bxb6 f4 50. c5 Rc1 51. c6 Bb4 52. Kf3 Bd6 53. Bxa5 Ra1 54. b6 Rxa4 55. c7 Rc4 56. b7 Rxc7 57. b8Q Rc3+ 58. Bxc3 Bxb8 59. Bd2 Bc7 60. Bxf4 Bd8 61. Ke4 Be7 62. Be5 Bb4 63. Bg3 Ba5 64. Kd5 Bb4 65. Ke6 Bd2 66. Bf4 Bxf4 67. Kd5 Bg3 68. Ke4 Bxh4 69. Kf3 Kxg5 70. Kg2 Kg4 71. Kh1 Bg3 72. Kg1 Kh3 73. Kh1 h4 74. Kg1 Bf4 75. Kh1 Kg3 76. Kg1 Be3+ 77. Kh1 Bg1 78. Kxg1 h3 79. Kh1 h2 1/2-1/2

[Event "Titled Tuesday intern op 25th Aug"]
[Site "Chess.com INT"]
[Date "2020.08.25"]
[Round "8"]
[White "Herrera Reyes, Jose Antonio"]
[Black "Al Saffar, Araz Basim Mohammed"]
[Result "0-1"]
[WhiteElo "2304"]
[BlackElo "2382"]
[PlyCount "60"]
[EventDate "2020.08.25"]
[EventType "swiss (blitz)"]
[EventRounds "10"]
[EventCountry "USA"]
[SourceTitle "CBM 198 Extra"]
[Source "ChessBase"]
[SourceDate "2020.11.30"]
[SourceVersion "1"]
[SourceVersionDate "2020.11.30"]
[SourceQuality "1"]

1. Nf3 Nf6 2. g3 g6 3. Bg2 Bg7 4. d3 0-0 5. Nc3 d5 6. h4 Bg4 7. Bg5 c6 8. Qd2 Re8 9. Bh6 Bh8 10. 0-0-0 Nbd7 11. h5 Bxh5 12. Ng5 Qa5 13. d4 e5 14. dxe5 Nxe5 15. f3 Nc4 16. Qf4 Rxe2 17. a3 Rxg2 18. g4 Nxa3 19. Rd2 Rxd2 20. Qxd2 Nc4 21. Qf4 Qa1+ 22. Nb1 Qxb2+ 23. Kd1 Qxb1+ 24. Qc1 Qxc1+ 25. Kxc1 Bxg4 26. fxg4 Nxg4 27. Nf3 Nxh6 28. Rxh6 Re8 29. Rh1 h5 30. Rxh5 gxh5 0-1

[Event "Titled Tuesday intern op 25th Aug"]
[Site "Chess.com INT"]
[Date "2020.08.25"]
[Round "5"]
[White "Lopez del Alamo, Antonio"]
[Black "Al Saffar, Araz Basim Mohammed"]
[Result "0-1"]
[WhiteElo "2283"]
[BlackElo "2382"]
[PlyCount "120"]
[EventDate "2020.08.25"]
[EventType "swiss (blitz)"]
[EventRounds "10"]
[EventCountry "USA"]
[SourceTitle "CBM 198 Extra"]
[Source "ChessBase"]
[SourceDate "2020.11.30"]
[SourceVersion "1"]
[SourceVersionDate "2020.11.30"]
[SourceQuality "1"]

1. e4 d5 2. exd5 Qxd5 3. Nc3 Qd6 4. d4 Nf6 5. Bc4 c6 6. Nf3 Bg4 7. h3 Bxf3 8. Qxf3 Qxd4 9. Bb3 e6 10. Be3 Qd8 11. Rd1 Nbd7 12. 0-0 Be7 13. g4 0-0 14. g5 Nd5 15. Ne4 Qc7 16. h4 Nxe3 17. fxe3 Nc5 18. c3 Rad8 19. Bc2 Nxe4 20. Qxe4 Qg3+ 21. Kh1 g6 22. Rxd8 Rxd8 23. Qf4 Qh3+ 24. Kg1 Rd2 25. Rf2 Rxf2 26. Kxf2 Kg7 27. Qe5+ f6 28. gxf6+ Bxf6 29. Qc7+ Kh6 30. Qf4+ Kg7 31. Qc7+ Kf8 32. Qc8+ Kf7 33. Qc7+ Be7 34. Qf4+ Ke8 35. Qb8+ Bd8 36. Qf4 Qxh4+ 37. Qxh4 Bxh4+ 38. Kf3 Ke7 39. Kg4 Bf2 40. e4 Kf6 41. Bb3 h5+ 42. Kf3 Bh4 43. Bc4 g5 44. b4 g4+ 45. Ke2 Bg5 46. a4 h4 47. a5 h3 48. Kf1 Ke5 49. Be2 Kf4 50. c4 Kg3 51. Kg1 Be3+ 52. Kh1 Kh4 53. b5 cxb5 54. cxb5 g3 55. Bf3 e5 56. Bg2 hxg2+ 57. Kxg2 Kg4 58. a6 bxa6 59. Kh1 Kh3 60. bxa6 g2# 0-1

[Event "Online Olym Div3 C"]
[Site "Chess.com INT"]
[Date "2020.08.08"]
[Round "4.2"]
[White "Toczek, Grzegorz"]
[Black "Al Saffar, Araz Basim Mohammed"]
[Result "1/2-1/2"]
[WhiteElo "2271"]
[BlackElo "2382"]
[PlyCount "71"]
[EventDate "2020.08.07"]
[EventType "team-tourn (rapid)"]
[EventRounds "9"]
[EventCountry "USA"]
[SourceTitle "CBM 198"]
[Source "ChessBase"]
[SourceDate "2020.10.31"]
[SourceVersion "1"]
[SourceVersionDate "2020.10.31"]
[SourceQuality "1"]
[WhiteTeam "Wales"]
[BlackTeam "Iraq"]
[WhiteTeamCountry "WLS"]
[BlackTeamCountry "IRQ"]

1. e4 e5 2. Nf3 Nf6 3. Nc3 Bb4 4. Nxe5 0-0 5. Be2 Re8 6. Nd3 Bxc3 7. dxc3 Nxe4 8. Nf4 d6 9. 0-0 Nd7 10. f3 Nef6 11. c4 Qe7 12. Rf2 Nc5 13. Bf1 Bd7 14. Re2 Qf8 15. Be3 a5 16. Qd2 Bc6 17. Rae1 b6 18. b3 Rad8 19. Bd4 Rxe2 20. Rxe2 Ncd7 21. Bb2 Re8 22. Nd5 Rxe2 23. Bxe2 Bxd5 24. cxd5 Qe7 25. Kf2 Ne5 26. Qd4 Ng6 27. c4 Qe5 28. Qxe5 Nxe5 29. h3 Kf8 30. Ke3 Ke7 31. Kf4 Ng6+ 32. Ke3 Nh4 33. Kf2 Ng6 34. Ke3 Nh4 35. Kf2 Ng6 36. Ke3 1/2-1/2